History Quiz

Random History or Clickable Quiz

The 3rd Thing You Need to Know: 20th Century History Quiz Stats

 Plays Quiz Updated Apr 14, 2018

Score 0/20 Timer 04:00
0 Plays Today
% Correct
Apollo 11
94%
Attack on Pearl Harbor
93.1%
Assassination of Martin Luther King Jr.
93%
Summer of Love
89.1%
Korean War
88.7%
Falklands War
88.5%
1906 San Francisco Earthquake
88.5%
Perestroika
86.7%
Coronation of Queen Elizabeth II
84.3%
Normandy landings
83.6%
% Correct
Rwandan genocide
80.4%
Tiananmen Square protests of 1989
77.3%
Second Boer War
74.9%
Assassination of Archduke Franz Ferdinand of Austria
73.9%
Cultural Revolution
71.7%
Yom Kippur War
65%
Iranian Revolution
63.2%
Velvet Revolution
59.3%
Cuban Revolution
57.9%
February Revolution
34.3%

You're not logged in!

Compare scores with friends on all Sporcle quizzes.
OR
Log In

Sporcle TV

Today on Sporcle TV


Watch our educational content, quiz creation guides, and fun videos on Sporcle TV.

Show Comments

Extras

Top Quizzes Today


Score Distribution

Your Account Isn't Verified!

In order to create a playlist on Sporcle, you need to verify the email address you used during registration. Go to your Sporcle Settings to finish the process.

Report this User

Report this user for behavior that violates our Community Guidelines.

Details: